Belenes (Record no. 158258)

MARC details
000 -LEADER
campo de control de longitud fija 00928nam a22001815i 4500
001 - NÚMERO DE CONTROL
campo de control 158258
003 - IDENTIFICADOR DE NÚMERO DE CONTROL
campo de control ES-MaACL
005 - FECHA Y HORA DE LA ÚLTIMA TRANSACCIÓN
campo de control 20230906211059.0
008 - DATOS DE LONGITUD FIJA--INFORMACIÓN GENERAL
campo de control de longitud fija 020125s1870 sp |||| | spa d
040 ## - FUENTE DE CATALOGACIÓN
Centro catalogador/agencia de origen CAM
Lengua de catalogación spa
Centro/agencia transcriptor CAM
100 1# - ENTRADA PRINCIPAL--NOMBRE DE PERSONA
Nombre de persona Lustonó, Eduardo de.
9 (RLIN) 74865
245 10 - MENCIÓN DEL TÍTULO
Título Belenes
Resto del título : escenas originales de la vida de un soltero, coleccionadas en tres actos é hilvanadas en verso /
Mención de responsabilidad, etc. por Eduardo de Lustonó.
260 ## - PUBLICACIÓN, DISTRIBUCIÓN, ETC.
Lugar de publicación, distribución, etc. Madrid :
Nombre del editor, distribuidor, etc. [s.n.],
Fecha de publicación, distribución, etc. 1870 (
Fabricante Imprenta de José Rodriguez)
300 ## - DESCRIPCIÓN FÍSICA
Extensión 81 p. ;
Dimensiones 20 cm.
500 #1 - NOTA GENERAL
Nota general Representadas por primera vez en el Teatro de Lope de Rueda, el 24 de enero de 1870.
596 #1 - NOTA AL PIE DE IMPRENTA
NOTA AL PIE DE IMPRENTA En verso de port. consta: "... de las Galerías Dramáticas y Líricas de los Sres. Gullon é Hidalgo ..."
852 ## - LOCALIZACIÓN
Ubicación ES-MaACL
Número de control de estantería F-8555(1)
Nota libre -- Enc. pasta española
condición física -- Falto de la cub. original
Nota libre -- Enc. en un vol. facticio formando parte de la col. facticia "Teatro español moderno" v. 7
Holdings
Estatus retirado Estado de pérdida Estado de daño No para préstamo Colección Biblioteca de origen Biblioteca actual Ubicación en estantería Fecha de adquisición Total de préstamos Signatura topográfica completa Código de barras Visto por última vez Precio de reemplazo Tipo de ítem Koha
        Libros del s. XIX Biblioteca del Ateneo de Madrid Biblioteca del Ateneo de Madrid Sala Pecera Planta 2 17/01/2008   F-8555(1) 1165634 23/02/2023 23/02/2023 Libro impreso antiguo